01779nmm a2200289 i 4500003000900000005001700009007000300026008004100029040003300070100004500103245032900148264005000477300005400527336002700581337002900608338003900637347003100676502020100707504003000908505022400938650005901162650004601221650001701267650003001284700003501314856014001349DO-SdISF20250403133853.0ta240215s2021 dr ||||fo||d| 00| 0 spa d aCGIP0039bspaerdacCGIP00391 aTaveras Grullón, Amelia Beatrizeautor10aLos conocimientos previos y las dificultades con el producto de polinomios en los estudiantes de cuarto grado de secundaria del politécnico Juan Antonio Collado del municipio Jánico, Santiago, República Dominicana, año lectivo 2020-2021 /csustentada: Amelia Beatriz Taveras Grullón ; asesor: Luis Eligio Vásquez 1aSantiago de los Caballeros :bISFODOSU,c2021 a1 recurso en línea (125 hojas) :bilustraciones 2rdacontentatextobtxt 2rdamediaacomputadorabc 2rdacarrierarecurso en líneabcr 2rdaaarchivo de textobPDF aTesis para optar por el título de Maestría en (Matemática orientada a la Educación Secundaria) - Instituto Superior de Formación Docente Salomé Ureña - ISFODOSU, Recinto EPH, 2021.  aBibliografía en hoja 84 aIntroducción al problema de investigación 1 - Revisión de la literatura 11 - Metodología 39 - Presentación de resultados 50 - Interpretación de los resultados 75 - Referencias bibliográficas 84 - Anexos 8917aEducación secundaria2armarczRepública Dominicana17aPolinomiosxEstudio y enseñanza2armarc14aConocimiento14aEstrategias de desarrollo1 aVásquez, Luis Eligioeasesor uhttps://biblioteca.isfodosu.edu.do/cgi-bin/koha/opac-retrieve-file.pl?id=2518921614e9b795d8480257a0349635yClic para ver Texto Completo